Misky z lepenek a nasávané papíroviny

Využívanie misiek z lepeniek a nasávanej papieroviny na balenie a skladovanie potravín, ovocia a zeleniny. Ekologické trendy v obalovej technike. Misky z lisovanej lepenky - výroba a výrobcovia. Misky z nasávanej papieroviny - technologický postup a výrobcovia.

Salvato in:
Dettagli Bibliografici
Autore principale: Vítek, Miloslav
Natura: Capitolo di libro
Lingua:ceco
Soggetti:
Tags: Aggiungi Tag
Nessun Tag, puoi essere il primo ad aggiungerne!!

MARC

LEADER 00000naa$a2200000$$$4500
001 0110924
005 20231129095404.8
041 0 |a cze 
044 |a CZ 
245 1 0 |a Misky z lepenek a nasávané papíroviny  |c Miloslav Vítek 
520 |a Využívanie misiek z lepeniek a nasávanej papieroviny na balenie a skladovanie potravín, ovocia a zeleniny. Ekologické trendy v obalovej technike. Misky z lisovanej lepenky - výroba a výrobcovia. Misky z nasávanej papieroviny - technologický postup a výrobcovia. 
610 2 0 |a obaly 
610 2 0 |a technika obalová 
610 2 0 |a potraviny 
610 2 0 |a ovocie 
610 2 0 |a zelenina 
610 2 0 |a technológie nové 
100 1 |a Vítek, Miloslav